<?xml version="1.0" encoding="UTF-8"?>
<record
    xmlns:xsi="http://www.w3.org/2001/XMLSchema-instance"
    xsi:schemaLocation="http://www.loc.gov/MARC21/slim http://www.loc.gov/standards/marcxml/schema/MARC21slim.xsd"
    xmlns="http://www.loc.gov/MARC21/slim">

  <leader>00807nam a22002177a 4500</leader>
  <controlfield tag="005">20250114114922.0</controlfield>
  <datafield tag="010" ind1=" " ind2=" ">
    <subfield code="a">ENG-143377-378</subfield>
  </datafield>
  <datafield tag="020" ind1=" " ind2=" ">
    <subfield code="c">4995.00(Set of 2)</subfield>
    <subfield code="a">9788197414237(Vol 1,Vol 2)</subfield>
  </datafield>
  <datafield tag="035" ind1=" " ind2=" ">
    <subfield code="a">EN-126909-910</subfield>
  </datafield>
  <datafield tag="037" ind1=" " ind2=" ">
    <subfield code="b">DBAD</subfield>
  </datafield>
  <datafield tag="082" ind1=" " ind2=" ">
    <subfield code="a">364</subfield>
    <subfield code="2">23</subfield>
  </datafield>
  <datafield tag="100" ind1=" " ind2=" ">
    <subfield code="a">Ratanlal </subfield>
    <subfield code="9">76526</subfield>
  </datafield>
  <datafield tag="245" ind1=" " ind2=" ">
    <subfield code="a">Ratanlal &amp; Dhirajlal: </subfield>
    <subfield code="b">The Bharatiya Nagarik Suraksha Sanhita, 2023/</subfield>
    <subfield code="c">By Ratanlal [and] Dhirajlal</subfield>
  </datafield>
  <datafield tag="250" ind1=" " ind2=" ">
    <subfield code="a">23</subfield>
  </datafield>
  <datafield tag="260" ind1=" " ind2=" ">
    <subfield code="b">Lexis Nexis</subfield>
    <subfield code="c">2024</subfield>
    <subfield code="a">Gurgaon</subfield>
  </datafield>
  <datafield tag="270" ind1=" " ind2=" ">
    <subfield code="a">14th Floor; Building No. 10 Tower -B , DLF Cyber City ,Phase-II</subfield>
    <subfield code="b">Gurgaon </subfield>
    <subfield code="e">122002</subfield>
    <subfield code="k">+91-124-4774444</subfield>
    <subfield code="l">+91-124-4774100</subfield>
  </datafield>
  <datafield tag="300" ind1="c" ind2=" ">
    <subfield code="a">dcl,2844p.(Vol 1,Vol 2)</subfield>
    <subfield code="c">24cm(hb)</subfield>
  </datafield>
  <datafield tag="490" ind1=" " ind2=" ">
    <subfield code="v">Vol 1, Vol 2</subfield>
  </datafield>
  <datafield tag="500" ind1=" " ind2=" ">
    <subfield code="a">Vol 1 Sections ! to 247
Vol 2 Sections 248 to 531 Schedules</subfield>
  </datafield>
  <datafield tag="942" ind1=" " ind2=" ">
    <subfield code="2">ddc</subfield>
    <subfield code="c">EN</subfield>
    <subfield code="m">RAT</subfield>
    <subfield code="h">364</subfield>
  </datafield>
  <datafield tag="999" ind1=" " ind2=" ">
    <subfield code="c">208462</subfield>
    <subfield code="d">208462</subfield>
  </datafield>
</record>
